Catálogo
 En Linea

Mítico Sur : (Registro nro. 49469)

Detalles MARC
000 -CABECERA
campo de control de longitud fija 00744nam a22002297a 4500
003 - IDENTIFICADOR DEL NÚMERO DE CONTROL
campo de control DO-SdBNP
005 - FECHA Y HORA DE LA ÚLTIMA TRANSACCIÓN
campo de control 20230418130908.0
007 - CAMPO FIJO DE DESCRIPCIÓN FÍSICA--INFORMACIÓN GENERAL
campo de control de longitud fija ta
008 - DATOS DE LONGITUD FIJA--INFORMACIÓN GENERAL
campo de control de longitud fija 210301b2015 dr ac|| rc||| 00| 0cspa d
040 ## - FUENTE DE LA CATALOGACIÓN
Centro catalogador/agencia de origen DO-SdBNP
Lengua de catalogación spa
Centro/agencia transcriptor BNPHU
041 ## - CÓDIGO DE LENGUA
Código de lengua original spa
082 #4 - NÚMERO DE LA CLASIFICACIÓN DECIMAL DEWEY
Número de documento/Ítem M684s
Número de edición 22
245 ## - MENCIÓN DE TÍTULO
Título Mítico Sur :
Resto del título 10 artistas sanjuaneros.
260 ## - PUBLICACIÓN, DISTRIBUCIÓN, ETC.
Lugar de publicación, distribución, etc. Santo Domingo :
Nombre del editor, distribuidor, etc. Centro Cultural BANRESERVAS ,
-- Ayuntamiento de San Juan de la Maguana ,
Fecha de publicación, distribución, etc. [2015]
300 ## - DESCRIPCIÓN FÍSICA
Extensión [14 pg.] :
Otras características físicas il., fotos ;
Dimensiones 27 cm
490 0# - MENCIÓN DE SERIE
Mención de serie Valores de las provincias.
500 ## - NOTA GENERAL
Nota general Dedicada a la maestra Ada Balcácer.
500 ## - NOTA GENERAL
Nota general Exposición artística realizada el 26 de agosto 2015.
590 ## - NOTA LOCAL (RLIN)
Nota local Inventariado, 2023/BT
710 2# - PUNTO DE ACCESO ADICIONAL--NOMBRE DE ENTIDAD CORPORATIVA
Nombre de entidad corporativa o nombre de jurisdicción como elemento de entrada Banco de Reservas
9 (RLIN) 77966
942 ## - ELEMENTOS DE PUNTO DE ACCESO ADICIONAL (KOHA)
Fuente del sistema de clasificación o colocación Dewey Decimal Classification
Tipo de ítem Koha Folleto
Existencias
Estado de retiro Estado de pérdida Fuente del sistema de clasificación o colocación Restricciones de uso No para préstamo Código de colección Localización permanente Ubicación/localización actual Ubicación en estantería Fecha de adquisición Fuente de adquisición Signatura topográfica completa Código de barras Fecha visto por última vez Precio válido a partir de Tipo de ítem Koha
    Dewey Decimal Classification Excluido de préstamo   Patrimonio Dominicano Biblioteca Nacional Pedro Henríquez Ureña Biblioteca Nacional Pedro Henríquez Ureña En catalogación 30.10.2015 Depósito Legal BNPHU PD M684s 2021-0508 01.03.2021 01.03.2021 Folleto

Con tecnología Koha